| 000 | 00596nam a22002057a 4500 | ||
|---|---|---|---|
| 999 |
_c2092 _d2092 |
||
| 003 | AR-CdUCM | ||
| 008 | 190301b ||||| |||| 00| 0 bl d | ||
| 040 |
_aMUNICIPALIDAD PROVINCIAL DEL CUSCO _cBIBLIOTECA MUNICIPAL DEL CUSCO |
||
| 041 | _hbl. | ||
| 082 |
_a868.94 / _bC36 |
||
| 100 |
_aCatunta, Marcio _97571 |
||
| 245 | _aAntología Poética / | ||
| 260 |
_aFortaleza : _bEdit.Cearense, _c1989. |
||
| 300 |
_a70 paginas ; _c21 cm. |
||
| 505 | _aAntología poética / | ||
| 650 |
_aLiteratura poética _93025 |
||
| 650 |
_aPoesías Brasileñas _91529 |
||
| 942 |
_2ddc _cLIBROS |
||
| 945 | _arjall | ||